Brawl Stars Brawl Pass Seasons - Statistics

General Stats
  • This quiz has been taken 298 times
    14 since last reset
  • The average score is 5 of 49
Answer Stats
Season Season name % Correct
Season 48 Sand of Time
50%
Season 24 Sands of Time
50%
Season 1 Tara's Bazaar
42%
Season 49 Dragons and Faeries
25%
Season 34 Starr Force
25%
Season 5 The Starr Force!
25%
Season 32 Angels vs. Demons
17%
Season 21 Bizarre Circus
17%
Season 43 Brawl-o-ween
17%
Season 9 Brawlywood
17%
Season 30 Spongebob
17%
Season 2 Summer of Monsters
17%
Season 6 The Goldarm Gang
17%
Season 3 Welcome to Starr Park!
17%
Season 10 Year of the Tiger
17%
Season 20 Back to Ranger Ranch
8%
Season 38 Battle for Katana Kingdom
8%
Season 11 Biodome
8%
Season 47 Brawlentine's
8%
Season 16 Candyland
8%
Season 39 Crush the Kaiju
8%
Season 19 Enchanted Woods
8%
Season 4 Holiday Getaway
8%
Season 7 Jurassic Splash
8%
Season 17 Mystery At The Hub
8%
Season 8 Once Upon A Brawl
8%
Season 31 Scary Tales
8%
Season 46 Steampunk
8%
Season 44 Stranger Things
8%
Season 12 The Stuntshow
8%
Season 27 CyberBrawl
0%
Season 36 Dark Sands
0%
Season 15 Ghost Station
0%
Season 28 Gods Vs. Monsters
0%
Season 26 Godzilla
0%
Season 35 Good Randoms
0%
Season 41 Knights of the Starr Table
0%
Season 45 Mechmas
0%
Season 29 Paint Brawl!
0%
Season 25 Ragnarok
0%
Season 14 Robot Factory
0%
Season 22 Starr Toon Studios
0%
Season 33 Starr Toon Studios 2
0%
Season 42 Subway Surfers
0%
Season 37 Super Brawl
0%
Season 13 The Deep Sea Brawl
0%
Season 40 The Legends of the Underworld
0%
Season 18 The Rescue
0%
Season 23 Year of the Dragon
0%
No matching quizzes found
Score Distribution
Percent of People with Each Score
Percentile by Number Answered
Your Score History
You have not taken this quiz since the last reset